Statistics for Despicable Me Characters Quiz

Click here to take the quiz!

General Stats

  • This quiz has been taken 363 times
  • The average score is 8 of 17

Answer Stats

Actor/ActressDescriptionCharacter% Correct
Steve CarrellA supervillain who plans to steal the mon and has a lot of minionsFelonius Gru
99%
Jason SegalMr. Perkins' son who often undermines Gru with more advanced technologyVictor "Vector" Perkins
90%
Pierre CoffinOne of Gru's minionsBob
78%
Elsie FisherThe youngest of the three girls, who has an obsession with unicornsAgnes
77%
Miranda CosgroveThe oldest of the three girls who is known for her witMargo
77%
Dana GaierThe middle sister of the three girls, known for her rebellious attitudeEdith
70%
Pierre CoffinOne of Gru's minionsStuart
66%
Russell BrandGru's colleague and a friendly scientistDr. Nefario
61%
Will ArnettThe President of the Bank of Evil and Vector's fatherMr. Henry Perkins
52%
Chris RenaudOne of Gru's minionsDave
44%
Kristen WiigA dominating woman that runs Miss Hattie's Home for GirlsMiss Hattie
43%
Pierre CoffinOne of Gru's minionsPhil
23%
Jemaine ClementOne of Gru's minionsJerry
22%
Pierre CoffinOne of Gru's minionsTim
17%
Julie AndrewsGru's mother who always berates her sonMarlena
11%
Pierre CoffinOne of Gru's minionsMark
10%
Danny McBrideGru's average neighbor who has difficulty understanding GruFred McDade
6%

Score Distribution

Percentile by Number Answered

Percent of People with Each Score

Your Score History

You have not taken this quiz